00303nam a2200073 4500084004400000100001700044245010000061260006800161 2Colon ClassificationaC62:11:(E1921:4)  aJAVEESH ALEX aSynthesis and characterization of Cerium based nano structures for Electrochemical applications aUniversity of Kerala,bBishop Moore College, Mavelikkara,c2025